000 003730000a22001330004500
090 _aAR
_b01781
245 1 0 _aAmazon 1992: Cambridge-rhbnc expedition to Colombia
650 1 4 _aExpediciones cientĂ­ficas
_992957
651 4 _pColombia
_992749
041 0 _aInglés
110 1 _aCambridge Expeditions committee
_995222
942 _cARTICULO
773 1 _tPreprint
_33
_q1-8
_d1992
999 _c10858
_d10858